MARC details
| 000 -CABECERA |
| campo de control de longitud fija |
01119cam a2200253 a 4500 |
| 001 - NÚMERO DE CONTROL |
| campo de control |
000004337 |
| 005 - FECHA Y HORA DE LA ÚLTIMA TRANSACCIÓN |
| campo de control |
20200929151427.0 |
| 008 - DATOS DE LONGITUD FIJA--INFORMACIÓN GENERAL |
| campo de control de longitud fija |
891017s1953 njua b s001 0aeng |
| 040 ## - FUENTE DE LA CATALOGACIÓN |
| Centro catalogador/agencia de origen |
DO-SdBNP |
| Lengua de catalogación |
spa |
| Centro/agencia modificador |
BNPHU |
| 082 ## - NÚMERO DE LA CLASIFICACIÓN DECIMAL DEWEY |
| Número de clasificación |
816.4 |
| Número de documento/Ítem |
C697w |
| 245 04 - MENCIÓN DE TÍTULO |
| Título |
The Collected works of Abraham Lincoln, 1862-1863 : |
| Resto del título |
the Abraham Lincoln association / |
| Mención de responsabilidad, etc. |
Edición, Roy P. Basler, Marion Dolores Pratt y Lloyd A. Dunlap. |
| 260 ## - PUBLICACIÓN, DISTRIBUCIÓN, ETC. |
| Lugar de publicación, distribución, etc. |
New Brunswick, New Jersey : |
| Nombre del editor, distribuidor, etc. |
Rutgers University Press, |
| Fecha de publicación, distribución, etc. |
1953. |
| 300 ## - DESCRIPCIÓN FÍSICA |
| Extensión |
ix, 561 p. ; : |
| Otras características físicas |
il. ; |
| Dimensiones |
24 cm. |
| 500 ## - NOTA GENERAL |
| Nota general |
La biblioteca posee el volumen 6. |
| 600 10 - PUNTO DE ACCESO ADICIONAL DE MATERIA--NOMBRE DE PERSONA |
| Nombre de persona |
LINCOLN, ABRAHAM, |
| Fechas asociadas al nombre |
1809-1865. |
| Subdivisión de forma |
BIOGRAFÍA |
| 9 (RLIN) |
12791 |
| 650 #4 - PUNTO DE ACCESO ADICIONAL DE MATERIA--TÉRMINO DE MATERIA |
| Término de materia o nombre geográfico como elemento de entrada |
Cartas estadounidenses |
| 9 (RLIN) |
12792 |
| 650 #4 - PUNTO DE ACCESO ADICIONAL DE MATERIA--TÉRMINO DE MATERIA |
| Término de materia o nombre geográfico como elemento de entrada |
Literatura estadounidense |
| Subdivisión cronológica |
SIGLO XIX |
| 9 (RLIN) |
12793 |
| 651 #4 - PUNTO DE ACCESO ADICIONAL DE MATERIA--NOMBRE GEOGRÁFICO |
| Nombre geográfico |
Estados Unidos |
| Subdivisión general |
Política Y Gobierno, |
| Subdivisión cronológica |
1815-1861. |
| 9 (RLIN) |
12794 |
| 700 1# - PUNTO DE ACCESO ADICIONAL--NOMBRE DE PERSONA |
| Nombre de persona |
Basler, Roy P. |
| Forma completa/desarrollada del nombre |
(Roy Prentice), |
| Fechas asociadas al nombre |
1906-1989. |
| 9 (RLIN) |
12795 |
| 700 1# - PUNTO DE ACCESO ADICIONAL--NOMBRE DE PERSONA |
| Nombre de persona |
Basler, Christian O., |
| Término indicativo de función/relación |
ed. |
| 9 (RLIN) |
12796 |
| 700 1# - PUNTO DE ACCESO ADICIONAL--NOMBRE DE PERSONA |
| Nombre de persona |
Pratt, Marion Dolores, |
| Término indicativo de función/relación |
ed. |
| 9 (RLIN) |
12797 |
| 700 1# - PUNTO DE ACCESO ADICIONAL--NOMBRE DE PERSONA |
| Nombre de persona |
Dunlap, Lloyd A., |
| Término indicativo de función/relación |
ed. |
| 9 (RLIN) |
12798 |
| 710 1# - PUNTO DE ACCESO ADICIONAL--NOMBRE DE ENTIDAD CORPORATIVA |
| Nombre de entidad corporativa o nombre de jurisdicción como elemento de entrada |
Alfred Stern Whital Colección de Lincolniana (Biblioteca del Congreso) |
| 9 (RLIN) |
12799 |